La grecia primitiva: edad de bronce y era arcaica

Gespeichert in:
Bibliographische Detailangaben
1. Verfasser: Finley, Moses I (VerfasserIn)
Format: Buch
Sprache:Spanisch
Veröffentlicht: Barcelona, España Crítica 1983
Schriftenreihe:Serie General. Estudios y Ensayos
Schlagworte:
Tags: Tag hinzufügen
Keine Tags, Fügen Sie den ersten Tag hinzu!

MARC

LEADER 00000nam a2200000 a 4500
001 UCP9697
003 CL-VaPUC
005 20250318085331.0
008 000331e19830000SP |||||||||||||||||spa|d
999 |c 286485  |d 286483 
040 |c Pontificia Universidad Católica de Valparaíso 
082 0 4 |a 938.01 FIN 1983  |2 21 
100 0 |a Finley, Moses I  |e author  |9 440448 
245 1 3 |a La grecia primitiva:  |b  edad de bronce y era arcaica 
260 |a Barcelona, España  |b Crítica  |c 1983 
300 |a 178 páginas 
490 0 |a Serie General. Estudios y Ensayos 
583 |a last modification  |c 20000331 00:00:00  |k Rodrigo Vera 
650 0 |a Historia antigua  |9 267521 
650 7 |a EDAD DE BRONCE  |2 CL-VaPUC  |9 440449 
650 7 |a CIVILIZACION MICENICA  |2 CL-VaPUC  |9 389589 
650 0 |a Grecia arcaica  |9 440446 
651 0 |a Grecia  |9 265314 
651 7 |a ATENAS  |2 CL-VaPUC  |9 323854 
651 0 |a Esparta  |9 334568 
942 |c BK  |2 ddc 
945 |d 20000331 00:00:00  |a rherrera 
952 |0 0  |1 0  |4 0  |6 938_010000000000000_FIN_1983  |7 0  |8 A  |9 332449  |a BIBHIS  |b BIBHIS  |d 2019-11-20  |i 1260839  |o 938.01 FIN 1983  |p 1260839  |r 2025-01-20  |w 2019-11-20  |y BK  |k HIS